01239pab a2200169 454500008004000000100002200040245007800062260000900140300001300149362000800162520072700170650001000897773003100907909001000938999001700948952010400965180718b2004 xxu||||| |||| 00| 0 eng d aBehrens, Kristian aAgglomeration without trade: how non-traded goods shape the space-economy c2004 ap.68-92. aJan aWe develop a spatial general equilibrium model in which the absence of interregional trade is an endogenous outcome. Extending the model developed by Ottaviano, Tabuchi, and Thisse (Int. Econ. Rev.43 (2002)409), we show that equilibria without trade differ significantly from those obtained in the presence of trade, which suggests that the presence of non-traded goods has a significant impact on spatial structures. Somewhat surprisingly, equilibrium structures without trade are richer than those with trade because partial agglomeration becomes a feasible outcome. Equilibria now depend on the ratio of mobile to immobile factors and an increase in that ratio triggers a process of spatial agglomeration. - Reproduced. aTrade aJournal of Urban Economics a59544 c59544d59544 00104070aIIPAbIIPAd2018-07-19hVolume no: 55, Issue no: 1pAR59989r2018-07-19w2018-07-19yAR